Prateechi: (Record no. 208742)

MARC details
000 -LEADER
fixed length control field 00553nam a22001697a 4500
005 - DATE AND TIME OF LATEST TRANSACTION
control field 20250124151214.0
010 ## - LCCN (DPL NO)
LC control number ENG-143566
020 ## - INTERNATIONAL STANDARD BOOK NUMBER
International Standard Book Number 9789388468626
Terms of availability 300.00
035 ## - SYSTEM CONTROL NUMBER
System control number EN-127098
037 ## - SOURCE OF ACQUISITION
Source of stock number/acquisition DBAD
082 ## - DEWEY DECIMAL CLASSIFICATION NUMBER
Edition number 1
Classification number 881
245 ## - TITLE STATEMENT
Title Prateechi:
Remainder of title A Literary Digest of West Indian Languages 2016-17/
Statement of responsibility, etc Edited by Sitanshu Yashaschandra...[et.al]
260 ## - PUBLICATION, DISTRIBUTION, ETC. (IMPRINT)
Place of publication, distribution, etc New Delhi
Name of publisher, distributor, etc Sahitya Akademi
Date of publication, distribution, etc 2018
270 ## - ADDRESS
Address Rabindra Bhavan, 35, Ferozshah Road
City New Delhi
Postal code 110001
300 ## - PHYSICAL DESCRIPTION
Extent 276p.
Dimensions 21cm(pb)
942 ## - ADDED ENTRY ELEMENTS (KOHA)
Source of classification or shelving scheme Dewey Decimal Classification
Item type English Books
Call number suffix PRA
Classification part 881
Holdings
Withdrawn status Lost status Not for loan Collection code Home library Current library Date acquired Source of acquisition Cost, normal purchase price Full call number Barcode Copy number Cost, replacement price Koha item type
      Non-fiction Vinoba Puri Vinoba Puri 24/01/2025 Delivery of Books Act Division 300.00 PRA 881 EN-127098 1 300.00 English Books

© Delhi Public Library
Hit Counter
free hit counter